书目信息 |
| 题名: |
控制工程基础
|
|
| 作者: | 王积伟 , 吴振顺 主编 | |
| 分册: | ||
| 出版信息: | 北京 高等教育出版社 2001.08 |
|
| 页数: | 357页 | |
| 开本: | 26cm | |
| 丛书名: | ||
| 单 册: | ||
| 中图分类: | O231-43 | |
| 科图分类: | ||
| 主题词: | 控制论--数学理论 , 信息论--数学理论 | |
| 电子资源: | ||
| ISBN: | 7-04-010058-4 | |
| 000 | 00656nam0 2200217 45 | |
| 001 | 0256475930 | |
| 005 | 2002061115411560 | |
| 010 | @a7-04-010058-4@dRMB 19.30 | |
| 100 | @a20020611d2001 km y0chiy0120 ea | |
| 101 | 0 | @achi |
| 102 | @aCN@b110000 | |
| 200 | 1 | @a控制工程基础@AKong Zhi Gong Cheng Ji Chu@f王积伟,吴振顺主编@Fwang ji wei,wu zhen shun zhu bian |
| 210 | @a北京@c高等教育出版社@d2001.08 | |
| 215 | @a357页@d26cm | |
| 606 | 0 | @a控制论@x数学理论 |
| 606 | 0 | @a信息论@x数学理论 |
| 690 | @aO231-43@v3 | |
| 701 | 0 | @a王积伟@Awang ji wei@4主编 |
| 701 | 0 | @a吴振顺@Awu zhen shun@4主编 |
| 801 | 0 | @aCN@bPFT@c20020611 |
| 905 | @a安徽大学@dO231-43@eW220 | |
| 控制工程基础/王积伟,吴振顺主编.-北京:高等教育出版社,2001.08 |
| 357页;26cm |
| ISBN 7-04-010058-4:RMB 19.30 |
| ● |
| 相关链接 |
|
|
|
正题名:控制工程基础
索取号:O231-43/W220
 
预约/预借
| 序号 | 登录号 | 条形码 | 馆藏地/架位号 | 状态 | 备注 |
| 1 | 361376 | 203613768 | 自科库401/401自科库 48排6列3层/ [索取号:O231-43/W220] | 在馆 | |
| 2 | 361377 | 203613777 | 自科库401/401自科库 48排6列3层/ [索取号:O231-43/W220] | 在馆 | |
| 3 | 361378 | 203613786 | 自科库401/401自科库 48排6列3层/ [索取号:O231-43/W220] | 在馆 |